Twentieth-century world religious movements in neo-Weberian perspective
Αποθηκεύτηκε σε:
| Άλλοι συγγραφείς: | |
|---|---|
| Μορφή: | Βιβλίο |
| Γλώσσα: | English |
| Δημοσίευση: |
Lewiston :
The Edwin Mellen Press,
c1992
|
| Θέματα: | |
| Ετικέτες: |
Προσθήκη ετικέτας
Δεν υπάρχουν, Καταχωρήστε ετικέτα πρώτοι!
|
MARC
| LEADER | 00000nam a2200000 i 4500 | ||
|---|---|---|---|
| 001 | 1/89667 | ||
| 008 | 990914s1992 eng d | ||
| 020 | |a 0-7734-9550-9 | ||
| 035 | |l 10052850 | ||
| 040 | |a GR-MY-UA |b gre |e aacr | ||
| 041 | 0 | |a eng | |
| 082 | 0 | |a 291.0904 | |
| 245 | 1 | 0 | |a Twentieth-century world religious movements in neo-Weberian perspective / |c Edited by William H. Swatos |
| 260 | |a Lewiston : |b The Edwin Mellen Press, |c c1992 | ||
| 300 | |a 344 p. | ||
| 504 | |a Includes bibliographical references and index | ||
| 600 | 1 | 0 | |a Weber, Max, |d 1864-1920. |
| 650 | 0 | 0 | |a Religion |x History |y 20th century. |
| 650 | 0 | 0 | |a Religions |x History |y 20th century. |
| 700 | 1 | |a Swatos, William H. |4 edt | |
| 852 | |a INST |b LESVOS |e 19990914 |h 291.0904 SWA |p 005100019504 |q 005100019504 |t BK |y 0 | ||
| 901 | |a BIBL1-1999-3 | ||
| 909 | |a Λ |b 066446 | ||
| 922 | |a 1ΕΛΗ |b 199906 |c ΚΠΣ/ΤΚ |d ΠΑΠΑΣΩΤΗΡΙΟΥ | ||
| 950 | |a 103-1998-07-27 | ||
| 970 | |a ΜΟΥΣΤΑΚΑ |b ΠΗΝΕΛΟΠΗ |z 1999/09/18 | ||